Sedes de los Juegos Olímpicos de Verano - Estadísticas

Estadísticas generales
  • Esta prueba ha sido intentada 58 veces
  • La puntuación promedio es 23 de 30
Estadísticas de respuestas
Hint Respuesta % Correcto
1900 París
100%
1924 París
100%
2024 París
100%
1992 Barcelona
98%
1908 Londres
98%
1948 Londres
98%
2012 Londres
98%
1896 Atenas
96%
2004 Atenas
96%
1936 Berlín
94%
1964 Tokio
94%
2020(1) Tokio
94%
1980 Moscú
92%
2016 Río de Janeiro
90%
1960 Roma
86%
1932 Los Ángeles
84%
1984 Los Ángeles
84%
2000 Sídney
82%
1988 Seúl
78%
1996 Atlanta
76%
2008 Beijing
73%
1972 Múnich
71%
1968 Ciudad de México
67%
1928 Ámsterdam
63%
1912 Estocolmo
63%
1952 Helsinki
53%
1976 Montreal
37%
1920 Bélgica / Amberes
29%
1956 Melbourne
29%
1904 San Luis
27%
No se encontraron pruebas coincidentes
Distribución de puntuación
Porcentaje de gente con cada puntuación
Porcentaje por número respondido
Historial de tus puntuaciones
No has intentado esta prueba.